000 00590ntaaa2200205 4500
003 01
005 20251027200810.0
008 0714s1973 ag 01
040 _aAR-BaBN
_bspa
_cAR-BaBN
_eaacr
_dRIC
082 _a266.01 B32
100 _aBavinck, J. H.
_94330
245 _aAn Introduction to the science of missions /
_cJ. H. Bavinck
250 _a1 ed.
260 _aPhiladelphia :
_bThe Presbyterian and reformed Publising Company,
_c1960,1964
300 _axxi,323 p
500 _aIntroducción a las misiones
650 _aMisiones
650 _aMisiones-Introduccion
942 _cBK
999 _c2169
_d2169